| 000 | 00914nam a2200265 i 4500 | ||
|---|---|---|---|
| 001 | 82172 | ||
| 003 | ES-MaACL | ||
| 005 | 20230906174623.0 | ||
| 007 | t| | ||
| 008 | 041129s2001 sp ||||1| spa d | ||
| 020 | _a84-7426-558-4 | ||
| 080 | _a1(=411.21)"19" | ||
| 100 | 1 |
_aAl-Jabiri, Muhammad 'Abid. _919051 |
|
| 245 | 1 | 0 |
_aCrítica de la razón árabe _b: nueva visión sobre el legado filosófico andalusí / _cMohammed Abed al-Yabri ; traducción y presentación Ahmed Mahfoud ; prefacio Pedro Martínez Montávez. |
| 250 | _a1ª ed. | ||
| 260 |
_aBarcelona : _bIcaria, _c2001. |
||
| 300 |
_a166 p. ; _c22 cm. |
||
| 490 | 1 |
_aIcaria antrazit ; _v175 |
|
| 650 | 1 | 4 |
_aFilosofía árabe- _yS.XX. _912833 |
| 700 | 1 |
_aMahfuz, Naguib. _975531 |
|
| 700 | 1 |
_aMartínez Montávez, Pedro. _978252 |
|
| 830 | 0 |
_aIcaria antrazit ; _v175 _9178643 |
|
| 852 |
_aES-MaACL _jE-10499 _bR.134657 |
||
| 999 |
_c82172 _d82172 |
||